Miloval jsem okrasu domu tvého : bludovský monstrproces v letech 1950-1952 /

Hlavní autor: Balík, Stanislav, 1978-
Jazyk: Čeština
Vydáno: Brno : Centrum pro studium demokracie a kultury, 2000
Vydání: 1. vyd.
Témata:
Fyzický popis: 98 s., [8] s. obr. příl. ; 21 cm
Knihy
Uloženo v:
LEADER 01721nam a2200445 a 4500
001 000536348
003 CZ BrMZK
005 20080310121518.0
007 ta
008 000115s2000 xr e dcze d
015 |a cnb000980250 
020 |a 80-85959-69-0 
035 |a (OCoLC)46964625 
040 |a BOA001  |b cze 
043 |a e-cs---  |a e-xr---  |b e-xr-ol  |2 czenas 
072 7 |a 323  |x Vnitropolitický vývoj, politický život  |2 Konspekt  |9 15 
080 |a 272-726.3  |2 MRF 
080 |a 272-726.6  |2 MRF 
080 |a 343.1:32  |2 MRF 
080 |a 27-674.5  |2 MRF 
080 |a 323.28:329.15  |2 MRF 
080 |a 94(437.325)  |2 MRF 
080 |a (437)  |2 MRF 
080 |a (0:82-96)  |2 MRF 
100 1 |a Balík, Stanislav,  |d 1978-  |7 jn20010309401  |4 aut 
245 1 0 |a Miloval jsem okrasu domu tvého :  |b bludovský monstrproces v letech 1950-1952 /  |c Stanislav Balík 
250 |a 1. vyd. 
260 |a Brno :  |b Centrum pro studium demokracie a kultury,  |c 2000 
300 |a 98 s., [8] s. obr. příl. ;  |c 21 cm 
500 |a Bibliogr. 
650 0 7 |a katoličtí kněží  |7 ph114899  |z Československo  |y 1950-1952  |2 czenas 
650 0 7 |a katolíci  |7 ph121544  |z Československo  |y 1950-1952  |2 czenas 
650 0 7 |a politické soudní procesy  |7 ph124252  |z Československo  |y 1950-1952  |2 czenas 
650 0 7 |a náboženská perzekuce  |7 ph117342  |z Československo  |y 1950-1952  |2 czenas 
650 0 7 |a zločiny komunismu  |7 ph139150  |z Československo  |y 1950-1952  |2 czenas 
655 7 |a literatura faktu  |7 fd132773  |2 czenas 
651 7 |a Bludov (Šumperk, Česko)  |7 ge128774  |x dějiny  |y 1950-1952  |2 czenas 
910 |a BOA001  |b 2-1077.897 
990 |a BK 
996 6 |b 2610122783  |c 2-1077.897  |l MZK  |r Sklad / do 1 hodiny  |n 9  |p p.v.  |w 000536348  |u 000010  |a 1  |e BOA001  |j MZK50  |s P